000 00810nam a2200181Ia 4500
008 100920s9999 xx 000 0 und d
082 _b24206
_a891.464 थ 62
100 _aगुणाजी नागेश वासुदेव.
245 _aस्वामी रामतीर्थ यांचे समग्र ग्रंथ 5.
260 _bमहाराष्ट्र प्रकाशन गृह, कोल्हापूर.
_c1962
300 _a1056
_bसाधी
365 _b4
520 _aनिबंध.
630 _aस्वामी रामतीर्थ यांचे समग्र ग्रंथ 5.
650 _aनिबंध.
730 _aस्वामी रामतीर्थ यांचे समग्र ग्रंथ 5.
942 _cBOOK
999 _c682732
_d682729